Problematika referend v európskom integračnom procese diplomová práca

Gespeichert in:
Bibliographische Detailangaben
1. Verfasser: Cirjaková, Natália
Körperschaft: Fakulta medzinárodných vzťahov EU. Katedra medzinárodných ekonomických vzťahov a hospodárskej diplomacie
Weitere Verfasser: Dziura, Boris, 1976-
Format: Buch
Sprache:Slowakisch
Veröffentlicht: Bratislava 2018
Tags: Tag hinzufügen
Keine Tags, Fügen Sie das erste Tag hinzu!

MARC

LEADER 00000nbm a2200000 4500
001 0244441
005 20180808081428.4
041 0 |a slo 
044 |a SK 
245 1 0 |a Problematika referend v európskom integračnom procese  |b diplomová práca  |c Natália Cirjaková ; školiteľ: Boris Dziura 
264 1 |a Bratislava  |c 2018 
300 |a 69 s. 
100 1 |a Cirjaková, Natália 
700 1 |a Dziura, Boris, 1976- 
710 2 |a Fakulta medzinárodných vzťahov EU. Katedra medzinárodných ekonomických vzťahov a hospodárskej diplomacie